000
00305nam a22001337a 4500
008
181023b xxu||||| |||| 00| 0 eng d
020
_a
9780786408993
041
_a
eng
080
_a
940
100
_a
16
101
_a
SHH
245
_a
What American Women Did, 1789-1920
_c
Coppens,L.M
942
_2
udc
_c
BK
999
_c
50569
_d
50569